Statistics for American States by Nickname

Click here to take the quiz!

General Stats

  • This quiz has been taken 939 times
  • The average score is 23 of 50

Answer Stats

Nickname State % Correct
Lone Star StateTexas
87%
Aloha StateHawai'i
84%
Sunshine StateFlorida
82%
L'il RhodyRhode Island
79%
Golden StateCalifornia
75%
Empire StateNew York
75%
Great Lakes StateMichigan
71%
Grand Canyon StateArizona
68%
First StateDelaware
67%
Peach StateGeorgia
63%
Land of LakesMinnesota
61%
Last FrontierAlaska
61%
Bluegrass StateKentucky
57%
Silver StateNevada
56%
Heart of DixieAlabama
54%
Mother of PresidentsVirginia
52%
Volunteer StateTennessee
52%
Big Sky CountryMontana
50%
Show-me StateMissouri
49%
Buckeye StateOhio
49%
Land of LincolnIllinois
49%
Pelican StateLouisiana
49%
Hoosier StateIndiana
48%
Garden StateNew Jersey
48%
Beaver StateOregon
46%
Keystone StatePennsylvania
45%
Sooner StateOklahoma
44%
Highest StateColorado
43%
Hawkeye StateIowa
42%
Green Mountain StateVermont
42%
Evergreen StateWashington
42%
Tar Heel StateNorth Carolina
39%
Magnolia StateMississippi
39%
Cornhusker StateNebraska
39%
Palmetto StateSouth Carolina
38%
Badger StateWisconsin
37%
Constitution StateConnecticut
36%
Beehive StateUtah
34%
Sunflower StateKansas
32%
Land of EnchantmentNew Mexico
32%
Bay StateMassachusetts
28%
Granite StateNew Hampshire
27%
Equality StateWyoming
27%
Mountain StateWest Virginia
26%
Pine Tree StateMaine
24%
Gem StateIdaho
22%
Old Line StateMaryland
21%
Flickertail StateNorth Dakota
11%
Coyote StateSouth Dakota
10%
Land of OpportunityArkansas
10%

Score Distribution

Percentile by Number Answered

Percent of People with Each Score

Your Score History

You have not taken this quiz